Top 5 San Antonio Spurs Scoring Leaders - Statistics

General Stats
  • This quiz has been taken 27 times
  • The average score is 5 of 5
Answer Stats
# Answer % Correct
1 Tim Duncan
100%
4 Tony Parker
100%
3 David Robinson
96%
5 Manu Ginobili
96%
2 George Gervin
92%
No matching quizzes found
Score Distribution
Percent of People with Each Score
Percentile by Number Answered
Your Score History
You have not taken this quiz